| 000 | 01444nam a2200217Ia 4500 | ||
|---|---|---|---|
| 003 | Ost | ||
| 005 | 20260507075646.0 | ||
| 008 | 260507s9999||||xx |||||||||||||| ||und|| | ||
| 040 | _cfsecg | ||
| 041 | _aara | ||
| 082 | _a343.03 | ||
| 100 |
_aالعصار، رشاد _eمؤلف |
||
| 245 | 0 |
_aتشريعات مالية ومصرفية / _c رشاد العصار |
|
| 260 |
_aعمان: _bدار البركة للنشر والتوزيع, _c2001 |
||
| 300 |
_a284 صفحة؛ _bإيضاحات ؛ _c24 سم |
||
| 520 | _aالجوانب القانونية للأعمال البنوك التجارية وأوجه الرقابة على نشاطها- الجوانب القانونية للأعمال البنك المركزي- التنظيم القانوني للأعمال المؤسسات المالية المتخصصة- الجوانب القانونية للودائع المصرفية- الجوانب القانونية للحساب الجاري- الجوانب القانونية للإعتماد المستندي- الجوانب القانونية لخطاب الضمان- الجوانب القانونية للاعمال الصرافة- الجوانب القانونية لعملات الأجنبية- الجوانب القانونية للإستثمار وتشجيعه. | ||
| 653 | _aالتشريعات المصرفية | ||
| 653 | _aالقانون المالي | ||
| 700 |
_aشهين، هشام _eمؤلف ثانوي |
||
| 942 | _cكتاب | ||
| 999 |
_c45496 _d45496 |
||